LEADER 01359nam a2200313 a 4500 001 000000124678 003 CaOOAMICUS 005 20110310143102.0 008 110310s2010 nyud u000 u eng r 020 $z9780735584822* 040 $aPUL$bita 082 04$a342.08 100 1 $aDurham, W. Cole,$d1948-$0(OLS)http://pul/name/78738 245 10$aLaw and religion :$bnational, international, and comparative perspectives /$cW. Cole Durham, Jr., Brett G. Scharffs. 260 $aNew York :$bAspen publishers,$c©2010. 300 $axlvi, 618 p. :$bgrafici ;$c26 cm 490 1 $aElective series 500 $aInclude indice. 650 4$aLibertą di religione.$0(OLS)http://pul/subject/34121 700 1 $aScharffs, Brett G.$0(OLS)http://pul/name/78739 830 0$aElective series.$0(OLS)http://pul/title/157155 850 $aPUL 852 $aPUL$W1$xSL Diritto e Scienze Sociali 3$y79$m342. 08 DURCO 1$j143563$qDDC 21$B142593$CPULBib$Z2$F142593 $H115400 $82 941 1 $a9 996 $6020$z9780735584822*$9(OLS)http://pul/number/146664 996 $6082$a342.08$9(OLS)http://pul/classification/716 996 $6245$aLaw and religion :$bnational, international, and comparative perspectives$9(OLS)http://pul/title/157154 996 $6260$aNew York :$bAspen publishers$9(OLS)http://pul/publisher/81533 LEADER 01326nam a2200325 a 4500 001 000000175185 003 CaOOAMICUS 005 20220503114223.0 008 220503s2002 xxu u000 u eng r 020 $z0-231-10628-9* 032 $aLibriCat 040 $aPUL$bita 082 04$a172 100 1 $aVattimo, Gianni,$d1936-$0(OLS)http://pul/name/9011 245 10$aAfter Christianity / $cGianni Vattimo ; translated by Luca D'Isanto. 260 $aNew York :$bColumbia University Press,$c©2002. 300 $a156 p. ;$c19 cm 490 1 $aItalian Academy lectures 650 4$aCristianesimo e filosofia.$0(OLS)http://pul/subject/38697 650 4$aCristianesimo$ySec. XX.$0(OLS)http://pul/subject/38286 700 1 $aD'Isanto, Luca.$0(OLS)http://pul/name/112636 830 0$aItalian Academy lectures.$0(OLS)http://pul/title/216605 850 $aPUL 852 $aPUL$W1$xSL Religione 3$y85$m230 VATGI 1$j199434$qDDC 21$B204144$CPULBib$Z2$F204144 $H135549 $82 941 1 $a9 996 $6020$z0-231-10628-9*$9(OLS)http://pul/number/168615 996 $6082$a172$9(OLS)http://pul/classification/659 996 $6245$aAfter Christianity / $9(OLS)http://pul/title/216604 996 $6260$aNew York :$bColumbia University Press$9(OLS)http://pul/publisher/50551